Los paraguas amarillos : Los poetas latinos en New York /
Gorde:
| Egile nagusia: | |
|---|---|
| Formatua: | Ezezaguna |
| Hizkuntza: | Spanish |
| Argitaratua: |
New York :
Ediciones del Norte,
1983.
|
| Gaiak: | |
| Etiketak: |
Etiketa erantsi
Etiketarik gabe, Izan zaitez lehena erregistro honi etiketa jartzen!
|
MARC
| LEADER | 000000000a22000000004500 | ||
|---|---|---|---|
| 001 | 012868 | ||
| 020 | |a 0910061165 | ||
| 041 | 0 | |a spa | |
| 082 | 0 | 4 | |a A861.08 |b V427v |
| 100 | 1 | |a Silén, Iván | |
| 245 | 1 | 4 | |a Los paraguas amarillos : |b Los poetas latinos en New York / |c Iván Silén. |
| 260 | 1 | |a New York : |b Ediciones del Norte, |c 1983. | |
| 300 | |a 250 páginas | ||
| 650 | 4 | |a LITERATURA LATINOAMERICANA | |
| 650 | 4 | |a POESIA | |
| 650 | 4 | |a COLECCIONES | |
| 650 | 4 | |a POETAS LATINOAMERICANOS | |
| 500 | |a Colección George Yúdice | ||
| 999 | |c 18813 |d 18813 | ||
| 942 | |c BK |h A861.08 V427v |2 z | ||



